| 000 | 00566nam a22001697a 4500 | ||
|---|---|---|---|
| 008 | 140603b xxu||||| |||| 00| 0 eng d | ||
| 020 | _a9782747545129 | ||
| 050 | _aB5310. U96 2003 | ||
| 100 |
_aUwodi ,Monu M. _910540 |
||
| 245 |
_aLa philosophiee et l'africanite _bcritique d'un intelrctualisme ferme' _cMonu M.Uwodi |
||
| 260 |
_aFrance _bL'Harmattan Hongrie _c2003 |
||
| 300 |
_a251p.; _c21cm. |
||
| 650 |
_aPhilosophy,Africa _910541 |
||
| 650 |
_aCivilisation philosophy _zAfrica _910542 |
||
| 650 |
_aIntelectual life _zAfrica _910543 |
||
| 942 |
_2lcc _cMONOGRAPH |
||
| 999 |
_c120596 _d120596 |
||